Serafina y sor Juana : (con tres apéndices) /
שמור ב:
| Main Authors: | , |
|---|---|
| פורמט: | אלקטרוני ספר אלקטרוני |
| שפה: | ספרדית |
| יצא לאור: |
México, D.F. :
El Colegio de México,
2014.
|
| מהדורה: | Segunda edición, corregida y muy aumentada. |
| נושאים: | |
| גישה מקוונת: | Digitalia Hispánica |
| תגים: |
הוספת תג
אין תגיות, היה/י הראשונ/ה לתייג את הרשומה!
|
MARC
| LEADER | 00000nam a2200000Ii 4500 | ||
|---|---|---|---|
| 001 | DIGCOLMX0351 | ||
| 003 | NyNyDIG | ||
| 007 | cr ||||||||||| | ||
| 008 | 220207s2014 mx ob 001 0 spa d | ||
| 006 | m o d | ||
| 035 | |a (OCoLC)1319854297 | ||
| 040 | |a DGITA |b eng |e rda |e pn |c DGITA | ||
| 020 | |a 9786074626742 |q eBook | ||
| 020 | |z 9786074624991 | ||
| 050 | 1 | 4 | |a PQ7296.J6 ebook |
| 082 | 1 | 4 | |a 861.1 |
| 100 | 1 | |a Alatorre, Antonio, |e author. | |
| 245 | 1 | 0 | |a Serafina y sor Juana : |b (con tres apéndices) / |c Antonio Alatorre, Martha Lilia Tenorio. |
| 250 | |a Segunda edición, corregida y muy aumentada. | ||
| 250 | |a Primera edición electrónica. | ||
| 264 | 1 | |a México, D.F. : |b El Colegio de México, |c 2014. | |
| 300 | |a 1 online resource. | ||
| 336 | |a text |b txt |2 rdacontent | ||
| 337 | |a computer |b c |2 rdamedia | ||
| 338 | |a online resource |b cr |2 rdacarrier | ||
| 347 | |a text file |2 rdaft | ||
| 347 | |b EPUB | ||
| 500 | |a "Centro de Estudios Lingüísticos y Literarios." | ||
| 504 | |a Includes bibliographical references and index. | ||
| 588 | 0 | |a Online resource; title from ePub title page (Digitalia, viewed February 7, 2021) | |
| 600 | 0 | 0 | |a Juana Inés de la Cruz, |c Sister, |d 1651-1695. |
| 600 | 1 | 0 | |a Castorena y Ursúa, Juan Ignacio de, |d 1668-1733. |
| 600 | 1 | 0 | |a Trabulse, Elías. |
| 650 | 0 | |a Nuns' writings |x History and criticism. | |
| 655 | 0 | |a Electronic books. | |
| 700 | 1 | |a Tenorio, Martha Lilia, |e author. | |
| 791 | 2 | |a Digitalia (Firm), |e distributor. | |
| 793 | 0 | |g Digitalia eBook Collection: |a El Colegio de México | |
| 776 | 0 | 8 | |i Print version: |a Alatorre, Antonio. |t Serafina y sor Juana. |b Segunda edición. |d México, D.F. : El Colegio de México, 2014 |z 9786074624991 |
| 856 | 4 | 0 | |3 Digitalia Hispánica |u https://digitalia.unach.elogim.com/a/105712/ |
| 910 | |a Premium collection: 2022 | ||